01679cam a2200253 a 450000100040000000500170000402000250002102000220004602000180006804000590008605000230014508200140016810000470018224500450022925000290027426000490030330000400035252007920039252100190118490600450120394200150124899900130126395201490127650920240111154706.0 a9780813343631 (pbk.) a0813343631 (pbk.) a9789749511572 aDLCcDLCdYDXdBAKERdBTCTAdUKMdYDXCPdNSBdDLCbeng00aDS554.5b.C46 200800a959.62221 aChandler, David P.q(David Porter),d1933-12aA history of Cambodia /cDavid Chandler. aSoutheast Asian Edition. aChiang Mai, ThailandbWestview Press.c2008. axiv, 365 p. :bill., maps ;c23 cm. aThis clear and concise volume provides a timely overview of Cambodia, a small but increasingly visible Southeast Asian nation. Hailed by the Journal of Asian Studies as an "original contribution, superior to any other existing work," the first edition ended in 1953 with Cambodia's independence from France; the second carries the narrative forward to the present. In the new material, Chandler focuses especially on the unstable but influential career of Prince Norodom Sihanouk, the bloody reign of Pol Pot's Khmer Rouge, and the relative calm that followed the Vietnamese invasion of 1979. This comprehensive general description and analysis of Cambodia will illuminate--for specialists and general readers alike--the history and contemporary politics of a country long misunderstood. a1490 bLexile a7bcbccorignewd1eecipf20gy-gencatlg 2ddccBKn0 c509d509 00102lcc40708NFICa001b001cTKSNFd2024-01-11l3oCHA 959.6 DS554.5p2024-0024q2026-03-12r2026-02-26 11:37:53s2026-02-26w2024-01-11yBK